03029njm a2200505Ia 450000100060000000300090000600500170001500800410003204000130007304000130008604100120009910000180011110000180012910000380014724500390018525000110022426000130023526000360024830000170028430000290030150000160033050504050034665000520075170000470080370000620085070000920091270000840100470000930108870000800118170001040126170000850136570001180145070000910156870000830165970000640174270000880180670000740189470000820196870000690205070000740211970000820219370000710227570001140234670000630246026715IT-RoPAU20220918181110.0131025s9999 xx 000 0 und d aIT-RoPAU cIT-RoPAU aINGLESE aPresley Elvis eAutore musica gCodice autore musica SPICS: 11085 aElvis Presley-The Collection vol.4 a1a ed. aNEW YORK bRCA RECORDSc1984 [1a Ed.:1984] aCOMPACT DISC c48 minuti (Testo: pag.) aMusica rock aGuitar Man (3:00) - Us Male (3:00) - If I Can Dream (4:00) - If I Can Dream (3:00) - Suspicious Minds (5:00) - Don't Cry Daddy (3:00) - The Wonder of You (3:00) - You Don't Have To Say You Love Me (3:00) - There Goes My Everything (4:00) - Rags To Riches (2:00) - I Just Can't Help Believing (5:00) - An American Trilogy (5:00) - Burning Love (3:00) - Always On My Mind (4:00) - It's Only Love (3:00) aROCK [COMPACT DISC]eCodice MATERIA SPICS: 9949 aAA.VV.eAutoregCodice autore SPICS: 12000 aPresley ElvisgCodice interprete SPICS: 11085eInterprete aHubbard FreddiegCodice autore musica SPICS: 13028eAutore musicapGuitar Man - Us Male aBrown W. EarlgCodice autore musica SPICS: 32997eAutore musicapIf I Can Dream aDavisgCodice autore musica SPICS: 20478eAutore musicapIn the Ghetto - Don't Cry Daddy aKnightgCodice autore musica SPICS: 32998eAutore musicapThe Wonder of You aWickham GlynnegCodice autore musica SPICS: 30468eAutore musicapYou Don't Have To Say You Love Me aDonnaggiogCodice autore SPICS: 32999eAutorepYou Don't Have To Say You Love Me aPallavicini VitogCodice autore testo/musica SPICS: 13656eAutore testo/musicapYou Don't Have To Say You Love Me aFrazier A.gCodice autore musica SPICS: 23029eAutore musicapThere Goes My Everything aAdler IsraelgCodice autore musica SPICS: 16574eAutore musicapRags To Riches aRoss J.gCodice autore SPICS: 14395eAutorepRags To Riches aManngCodice autore musica SPICS: 22948eAutore musicapI Just Can't Help Believing aWeilgCodice autore SPICS: 22949eAutorepI Just Can't Help Believing aAnonimogCodice autore musica SPICS: 2620eAutore musicapAn American Trilogy aNewburygCodice autore SPICS: 14393eAutorepAn American Trilogy aLindegCodice autore musica SPICS: 33000eAutore musicapBurning Love aThompsongCodice autore musica SPICS: 23714eAutore musicapAlways On My Mind aJames HarrygCodice autore SPICS: 16256eAutorepAlways On My Mind aChristophergCodice autore testo/musica SPICS: 33001eAutore testo/musicapAlways On My Mind - It's Only Love aTirellgCodice autore SPICS: 33002eAutorepIt's Only Love